Sliced Sci-Fi Movies Quiz Stats

 Plays Quiz Updated Feb 2, 2018

Also try: Sliced Movies
Challenge
Share
Tweet
Score 0/24 Timer 07:00
5 Plays Today
% Correct
E.T. the Extra-Terrestrial
99.5%
Star Wars: Episode V - The Empire Strikes Back
98.1%
Back to the Future
93.8%
Star Trek: Into Darkness
93.4%
The Martian
91.6%
Avatar
90.6%
Terminator 2: Judgment Day
89.2%
I, Robot
88.7%
The Matrix
88.6%
Transformers
87.8%
Jurassic World
86.1%
Alien 3
84.1%
% Correct
Mad Max: Fury Road
81.9%
Planet of the Apes
80.1%
World War Z
78.9%
Interstellar
70.9%
Signs
70.6%
2001: A Space Odyssey
67.6%
Minority Report
65.7%
12 Monkeys
60.1%
The Chronicles of Riddick
59.4%
Starship Troopers
58.3%
Battleship
56.8%
Prometheus
49.8%

You're not logged in!

Compare scores with friends on all Sporcle quizzes.
Join for Free
OR
Log In

You Might Also Like...

Show Comments

Extras

Top Quizzes Today


Score Distribution

Your Account Isn't Verified!

In order to create a playlist on Sporcle, you need to verify the email address you used during registration. Go to your Sporcle Settings to finish the process.

Report this User

Report this user for behavior that violates our Community Guidelines.

Details: